Presenting information

Αποθηκεύτηκε σε:
Λεπτομέρειες βιβλιογραφικής εγγραφής
Κύριος συγγραφέας: Nankivell, Clare
Άλλοι συγγραφείς: Shoolbred, Michael
Μορφή: Βιβλίο
Γλώσσα:English
Δημοσίευση: London : Library Association Publishing, 1995
Σειρά:Library training guides
Θέματα:
Ετικέτες: Προσθήκη ετικέτας
Δεν υπάρχουν, Καταχωρήστε ετικέτα πρώτοι!

MARC

LEADER 00000nam a2200000 i 4500
001 1/83056
008 990528s1995 eng d
020 |a 1856041387 
035 |l 10051252 
040 |a GR-MY-UA  |b gre  |e aacr 
041 0 |a eng 
082 0 |a 808.51 
100 1 |a Nankivell, Clare. 
245 1 0 |a Presenting information /  |c Clare Nankivell and Michael Shoolbred 
260 |a London :   |b Library Association Publishing,   |c 1995 
300 |a viii, 69 p.;  |b ill.;  |c 30 cm. 
490 1 |a Library training guides 
504 |a Includes bibliography 
650 0 0 |a English language  |x Rhetoric. 
650 0 0 |a Public speaking. 
650 0 0 |a Library education  |z Great Britain. 
700 1 |a Shoolbred, Michael. 
830 0 |a Library training guides 
852 |a INST  |b LESVOS  |e 19990528  |h 808.51 NAN  |p 005100021265  |q 005100021265  |t BK  |y 0 
901 |a BIBL1-2000-2 
909 |a Λ  |b 062455 
922 |a 1ΕΛΗ  |b 199812  |c ΚΠΣ/ΚΥΒ  |d LEADER 
950 |a 023-1998-09-14 
970 |z 2000/05/ΜΙΧΑΗΛΙΔΟΥ ΑΝΝΑ